01318 2200361 4500001002100000005001500021035002000036007000300056008004100059040002200100082002100122084002300143090002200166100002000188245018200208300006500390650002700455700003500482700003000517850001200547710005700559264007000616336002100686337003000707338002300737022001400760999002200774110004700796651002700843041001300870546005100883990002200934INLIS00000000086386420210820022720 a0010-0821000563ta210820s2019 yoia gr l ind d aYOPDYOGbinderda04223a315.09598271 a315.09598271 KUL k aCB-D.11 2019-4164 aSuyadiepenulis10aKecamatan Nanggulan dalam angka 2019=Nanggulan subdistrict in figures 2019 /cpenulis, Badan Pusat Statistik Kabupaten Kulon Progo: penyunting, Andriana Nurmahmud, Yiyin Marwati axvii, 102 halaman :bgambar berwarna, grafik, tabel ;c21 cm aStatistik--zNanggulan0 aAndriana Nurmahmudepenyunting0 aYiyin Marwatiepenyunting aYOPDYOG aBadan Pusat Statistik Kabupaten Kulon Progoepenulis31aKulon Progo :bBadan Pusat Statistik Kabupaten Kulon Progo,c2019 2rdacontentateks 2rdamediaatanpa perantara 2rdacarrieravolume a2598-4527 aCB-D.11/2019-41642 aKulon Progo.Badan Pusat Statistikepenulis 4aNanggulan--vStatistik aindgeng aTeks dalam bahasa Indonesia dan bahasa Inggris aCB-D.11/2019-4164